| 000 | 00693nam a2200289Ia 4500 | ||
|---|---|---|---|
| 005 | 20260324122143.0 | ||
| 008 | 008 260324s9999 xx 000 0 eng d | ||
| 020 | _a9781041057307 | ||
| 037 | _aEBOOK | ||
| 040 | _aCRL | ||
| 040 | _beng | ||
| 040 | _cCRL | ||
| 041 | _2eng | ||
| 041 | _aeng | ||
| 084 | _qCRL | ||
| 100 |
_aMary Briggs _91149057 |
||
| 245 | 0 | _aTeaching and Learning Early Years Mathematics | |
| 245 | 0 | _bSubject and Pedagogic Knowledge | |
| 260 | _bTaylor and Francis | ||
| 260 | _c2013 | ||
| 365 | _a | ||
| 365 | _b220 | ||
| 856 | _uhttp://www.taylorfrancis.com/books/9781041057307 | ||
| 942 | _cEBOOK | ||
| 999 |
_c1757861 _d1757861 |
||